| 000 | 00495nam a2200193Ia 4500 | ||
|---|---|---|---|
| 008 | 170918s9999 xx 000 0 und d | ||
| 020 | _a439227054 | ||
| 050 | _bA237 1987 | ||
| 100 | _aAdler, David A. | ||
| 245 | _aYoung Cam Jansen and the last tooth / | ||
| 245 | _cDavid A. Adler ; illustrated by Susanna Natti. | ||
| 260 | _aNew York : | ||
| 260 | _bScholastic, | ||
| 260 | _c1987 | ||
| 300 | _a32 pages : | ||
| 300 | _bcolored illustration ; | ||
| 300 | _c23cm. | ||
| 500 | _a360 | ||
| 999 |
_c341235 _d341235 |
||